书目信息 |
| 题名: |
钢笔行书唐诗绝句200首(第二版)
|
|
| 作者: | 杨再春 书 | |
| 分册: | ||
| 出版信息: | 北京 北京体育大学出版社 1997.02 |
|
| 页数: | 81页 | |
| 开本: | 16开 | |
| 丛书名: | ||
| 单 册: | ||
| 中图分类: | J292.12 | |
| 科图分类: | ||
| 主题词: | 书法--中国 , 篆刻--中国 | |
| 电子资源: | ||
| ISBN: | 7-81051-175-0 | |
| 000 | 00616nam0 2200205 45 | |
| 001 | 0012181557 | |
| 005 | 20001218153336.2 | |
| 010 | @a7-81051-175-0@d8.80元 | |
| 100 | @a20001218d1997 km y0chiy0120 ea | |
| 101 | 0 | @achi |
| 105 | @a z 000yy | |
| 200 | 1 | @a钢笔行书唐诗绝句200首(第二版)@AGang Bi Xing Shu Tang Shi Jue Ju 200 Shou(Di Er Ban)@f杨再春书@FYang Zai Chun Shu |
| 210 | @a北京@c北京体育大学出版社@d1997.02 | |
| 215 | @a81页@d16开 | |
| 606 | 0 | @a书法@x中国 |
| 606 | 0 | @a篆刻@x中国 |
| 690 | @aJ292.12@v3 | |
| 701 | 0 | @a杨再春@4书 |
| 801 | @aCN@bPftUser@c20001218 | |
| 905 | @b308427-428@dJ292.12@eY128@f2 | |
| 钢笔行书唐诗绝句200首(第二版)/杨再春书.-北京:北京体育大学出版社,1997.02 |
| 81页;16开 |
| ISBN 7-81051-175-0:8.80元 |
| ● |
| 相关链接 |
|
|
|
正题名:钢笔行书唐诗绝句200首(第二版)
索取号:J292.12/Y128
 
预约/预借
| 序号 | 登录号 | 条形码 | 馆藏地/架位号 | 状态 | 备注 |
| 1 | 308427 | 203084278 | 社科库309/309社科库 80排1列3层/ [索取号:J292.12/Y128] | 在馆 | |
| 2 | 308428 | 203084287 | 社科库309/ [索取号:J292.12/Y128] | 在馆 |